00347nam a2200133Ia 450000500170000000800460001703700290006304000200009204100130011208400210012524500490014626000090019530000090020420250508154813.0008 250505s9999 xx 000 0 eng d aBooks to be hide in OPAC aFEDLbengcFEDL aeng2eng a428, NOT/OqFEDL 0aGita gopal scientific readers pre primer 1-5 c1962 a33p.